Physics of binary star evolution : (Record no. 172016)

MARC details
000 -LEADER
fixed length control field 01056cam a22002775i 4500
001 - CONTROL NUMBER
control field 22421881
003 - CONTROL NUMBER IDENTIFIER
control field OSt
005 - DATE AND TIME OF LATEST TRANSACTION
control field 20251029181411.0
008 - FIXED-LENGTH DATA ELEMENTS--GENERAL INFORMATION
fixed length control field 220214s2022 nju 000 0 eng
020 ## - INTERNATIONAL STANDARD BOOK NUMBER
International Standard Book Number 9780691179087 (paperback)
040 ## - CATALOGING SOURCE
Original cataloging agency DLC
Language of cataloging eng
Description conventions rda
Transcribing agency DLC
Modifying agency DLC
050 ## - LIBRARY OF CONGRESS CALL NUMBER
Classification number QB821 TAU
100 1# - MAIN ENTRY--PERSONAL NAME
Personal name Tauris, Thomas M.
Relator term Author
245 10 - TITLE STATEMENT
Title Physics of binary star evolution :
Remainder of title from stars to x-ray binaries and gravitational wave sources /
Statement of responsibility, etc. Thomas M. Tauris and Edward P. J. van den Heuvel.
260 ## - PUBLICATION, DISTRIBUTION, ETC.
Place of publication, distribution, etc. Princeton :
Name of publisher, distributor, etc. Princeton University Press,
Date of publication, distribution, etc. ©2023.
300 ## - PHYSICAL DESCRIPTION
Extent ix, 852 pages :
Other physical details Illustrations ;
Dimensions 24 cm.
336 ## - CONTENT TYPE
Content type term text
Content type code txt
Source rdacontent
337 ## - MEDIA TYPE
Media type term unmediated
Media type code n
Source rdamedia
338 ## - CARRIER TYPE
Carrier type term volume
Carrier type code nc
Source rdacarrier
440 ## - SERIES STATEMENT/ADDED ENTRY--TITLE
Title Princeton series in astrophysics.
504 ## - BIBLIOGRAPHY, ETC. NOTE
Bibliography, etc. note Includes bibliographical references and index.
650 ## - SUBJECT ADDED ENTRY--TOPICAL TERM
Form subdivision Double stars Evolution.
650 ## - SUBJECT ADDED ENTRY--TOPICAL TERM
Form subdivision SCIENCE / Physics / Astrophysics.
700 1# - ADDED ENTRY--PERSONAL NAME
Personal name Van den Heuvel, Edward P. J.
Relator term Author
942 ## - ADDED ENTRY ELEMENTS (KOHA)
Source of classification or shelving scheme Library of Congress Classification
Koha item type Ordinary Loan Books
Classification part QB821 TAU
Call number prefix QB
Call number suffix TAU
Suppress in OPAC No
Koha issues (borrowed), all copies 1
Holdings
Withdrawn status Lost status Source of classification or shelving scheme Damaged status Not for loan Collection Home library Current library Shelving location Date acquired Source of acquisition Cost, normal purchase price Total Checkouts Total Renewals Full call number Barcode Date last seen Date last checked out Accession number Cost, replacement price Price effective from Koha item type Public note
    LCC     NFIC MAIN MAIN GEN 06/17/2025 Book Aid International 95.00 1 1 QB821 TAU 92004054992 11/18/2025 10/29/2025 61495 95.00 06/17/2025 BOOKS Donation